Carbon Pricing and Inflation Expectations: Evidence from France

Študujeme, ako cenové očakávania a rozhodnutia firiem ovplyvňuje cena uhlíka, pomocou prieskumu francúzskych výrobných firiem. Exogénne zmeny v cene uhlíka sa získavajú vysokofrekvenčnou identifikáciou. Zmena ceny uhlíka zvyšuje inflačné očakávania firiem, ako aj ich vlastný očakávaný a realizovaný...

ver descrição completa

Na minha lista:
Detalhes bibliográficos
Autor principal: Hensel, Jannik
Outros Autores: Mangiante, Giacomo, Moretti, Luca
Formato: Capítulo de Livro
Idioma:inglês
Assuntos:
Tags: Adicionar Tag
Sem tags, seja o primeiro a adicionar uma tag!

MARC

LEADER 00000naa a2200000 4500
001 0304571
005 20241014085702.9
041 0 |a eng 
044 |a NL 
245 1 0 |a Carbon Pricing and Inflation Expectations: Evidence from France  |c Jannik Hensel, Giacomo Mangiante, Luca Moretti 
520 |a Študujeme, ako cenové očakávania a rozhodnutia firiem ovplyvňuje cena uhlíka, pomocou prieskumu francúzskych výrobných firiem. Exogénne zmeny v cene uhlíka sa získavajú vysokofrekvenčnou identifikáciou. Zmena ceny uhlíka zvyšuje inflačné očakávania firiem, ako aj ich vlastný očakávaný a realizovaný rast cien. Spočiatku sa vyskytnú pozitívne chyby predpovedí, ale postupom času sa vplyv na cenové očakávania ukáže byť trvalejší ako na skutočný rast cien, čo v strednodobom až dlhodobom horizonte vedie k negatívnym chybám predpovedí. 
610 2 0 |a stopa uhlíková 
610 2 0 |a firmy 
610 2 0 |a energia 
610 2 0 |a ceny 
610 2 0 |a inflácia 
610 2 0 |a komodity 
100 1 |a Hensel, Jannik 
700 1 |a Mangiante, Giacomo 
700 1 |a Moretti, Luca